000 00721nam a2200181Ia 4500
008 090201s9999 xx 000 0 und d
010 _aKPL-71314
040 _bमराठी
041 _aमराठी
082 _a49495
_b71314
100 _aसेतुमाधवराव पगडी
245 _aभारतीय मुसलमान - शोध आणि बोध ( रामबाग )
_cसेतुमाधवराव पगडी
250 _a3
260 _c2006
_bपरचुरे प्रकाशन मंदिर
300 _a334
_bमध्यम
600 _aभारतीय मुसलमान - शोध आणि बोध ( रामबाग )
942 _cBOOK
999 _c246052
_d246052